000 00423pab a2200157 454500
008 180718b2001 xxu||||| |||| 00| 0 eng d
100 _aRay, Santanu
245 _aNetworking strategy for innovative technologies in rural India
260 _c2001
300 _ap.693-710
362 _aOct-Dec
650 _aTechnology transfer
650 _aRural development
773 _aJournal of Rural Development
909 _a51569
999 _c51569
_d51569